Sangue del mio sangue /

Salvato in:
Dettagli Bibliografici
Autore principale: Lorente, Lola
Natura: Libro
Lingua:italiano
Pubblicazione: Modena : Logos, 2012
Serie:Gabbie
Tags: Aggiungi Tag
Nessun Tag, puoi essere il primo ad aggiungerne!!

MARC

LEADER 00000nam a22000007i 4500
001 IT\ICCU\UBO\3982559
003 ItRI
005 20260115232115.0
008 130109s2012 it |||||| ||||| |||||c
020 |a 9788857605067 
040 |b ita  |c importazione bologna sebina 
041 7 |a ita  |2 ISO-639-2 
082 |a 741.5  |9 VIGNETTE, CARICATURE, FUMETTI  |2 19 
100 1 |a Lorente, Lola  |0 IT\ICCU\UBOV\347997 
240 1 0 |a Chair de ma chair.  |3 IT\ICCU\UBO\3982560  |9 Lorente, Lola 
245 1 0 |a Sangue del mio sangue /  |c Lola Lorente. 
260 |a Modena :  |b Logos,  |c 2012 
300 |a 1 volume (senza paginazione) :  |b fumetti ;  |c 25 cm. 
830 0 |a Gabbie  |0 IT\ICCU\UBO\3934166 
942 |2 ddc  |c BK  |n 0 
952 |0 0  |1 0  |4 0  |6 F_741_594000000000000_LOR  |7 0  |9 20163  |a BO  |b BO  |d 2026-01-15  |i 20965  |l 0  |o F 741.594 LOR  |p BO20965  |r 2026-01-15 23:21:15  |w 2026-01-15  |x [Sebina 5] [1 v.]  |y BK  |z 1 v. 
999 |c 17194  |d 17194